| 000 | 00497nam a2200169Ia 4500 | ||
|---|---|---|---|
| 008 | 230718s9999 xx 000 0 und d | ||
| 020 | _a9780143066002 | ||
| 041 | _aeng | ||
| 082 |
_a322.66'092 _bTED |
||
| 100 |
_aTedlow R.S. _9173504 |
||
| 245 |
_aAndy Grove _bThe Life And Times of An American Intel, Leadership And Life |
||
| 260 |
_c2009 _bPenguin |
||
| 300 | _a568 | ||
| 365 |
_cRs. _b399.00 |
||
| 700 |
_aTedlow R.S. _9173504 |
||
| 906 |
_dO:0085605-Jun-2010B:408703-May-2010 _cGENRL _b79.8 |
||
| 999 |
_c325007 _d325007 |
||